| 000 | 00468pab a2200169 454500 | ||
|---|---|---|---|
| 008 | 180718b2010 xxu||||| |||| 00| 0 eng d | ||
| 100 | _aChakraborty, Deb Kumar | ||
| 245 | _aPerformance of the employment exchanges in Assam: A comparative analysis | ||
| 260 | _c2010 | ||
| 300 | _ap.671-676. | ||
| 362 | _aOct-Dec | ||
| 650 | _aEmployment - India - Assam | ||
| 650 | _aEmployment | ||
| 773 | _aIndian Journal of Labour Economics | ||
| 908 | _aN | ||
| 909 | _a90733 | ||
| 999 |
_c90733 _d90733 |
||